LEADER 01215nam0 2200325 i 450 001 TO00722517 005 20231121125840.0 010 $a8877505540 020 $aIT$b99-9002 100 $a20030313d1999 ||||0itac50 ba 101 | $aita 102 $ait 181 1$6z01$ai $bxxxe 182 1$6z01$an 200 1 $a˜La œfilosofia del linguaggio$eda Frege ai nostri giorni$fDiego Marconi 210 $aTorino$cUTET libreria$d1999 215 $aVI, 140 p.$d21 cm. 606 $aFilosofia del linguaggio$xStoria$2FIR$3RMLC200282$9I 676 $a149.94$9ANALISI LINGUISTICA$v21 676 $a401$9Linguaggio. Filosofia e teoria$v21 700 1$aMarconi$b, Diego$3CFIV011907$4070$049045 801 3$aIT$bIT-01$c20030313 850 $aIT-FR0084 $aIT-FR0017 899 $aBiblioteca Del Monumento Nazionale Di Montecassino$bFR0084 899 $aBiblioteca umanistica Giorgio Aprea$bFR0017 $eN 912 $aTO00722517 950 0$aBiblioteca umanistica Giorgio Aprea$d 52MAG 2/232$e 52DUP0009009125 VMN RS $fA $h20180219$i20180219 977 $a 25$a 52 996 $aFilosofia del linguaggio$91228834 997 $aUNICAS